00495nam a2200205Ia 450000500170000000800460001702000180006303700100008104000080009104000080009904000080010704100080011504100080012308400080013124500310013926000460017026000090021665000150022585600490024020260306150320.0008 260114s9999 xx 000 0 eng d a9781771103398 aEbook aCRL beng cCRL 2eng aeng qCRL 0aThree Quests in Philosophy bPontifical Institute of Mediaeval Studies c2008 aPhilosophy uhttps://www.degruyter.com/isbn/9781771103398